Corrupt cities (Record no. 2289)

MARC details
000 -LEADER
fixed length control field 00493nam a2200157Ia 4500
005 - DATE AND TIME OF LATEST TRANSACTION
control field 20250117103553.0
008 - FIXED-LENGTH DATA ELEMENTS--GENERAL INFORMATION
fixed length control field 250117s9999 xx 000 0 und d
020 ## - INTERNATIONAL STANDARD BOOK NUMBER
International Standard Book Number 9780821346006
082 ## - DEWEY DECIMAL CLASSIFICATION NUMBER
Classification number 353.4KLI
100 ## - MAIN ENTRY--PERSONAL NAME
Personal name Klitgaard, Robert E.
245 #0 - TITLE STATEMENT
Title Corrupt cities
Remainder of title a practical guide to cure and prevention
260 ## - PUBLICATION, DISTRIBUTION, ETC.
Place of publication, distribution, etc. Oakland
Name of publisher, distributor, etc. ICS Press
Date of publication, distribution, etc. 2000
300 ## - PHYSICAL DESCRIPTION
Extent xiii, 162 p. ; 23 cm.
500 ## - GENERAL NOTE
General note Includes bibliographical references (p. 151-156) and index.
650 ## - SUBJECT ADDED ENTRY--TOPICAL TERM
Topical term or geographic name entry element Municipal government.
Holdings
Withdrawn status Lost status Damaged status Not for loan Home library Current library Date acquired Total checkouts Full call number Barcode Date last seen Price effective from Koha item type
        UONGOZI Institute Resources Centre - Dar es Salaam UONGOZI Institute Resources Centre - Dar es Salaam 01/17/2025   353.4KLI 002311 01/31/2025 01/17/2025 Book